书目信息 |
| 题名: |
家和学校
|
|
| 作者: | 霍尔迪·马尔蒂内斯 ;刘晓眉 译 | |
| 分册: | ||
| 出版信息: | 济南 明天 2003 |
|
| 页数: | 48页 | |
| 开本: | 29cm | |
| 丛书名: | 最新引进版幼儿园手工活动教学书 | |
| 单 册: | ||
| 中图分类: | G616 , G613 | |
| 科图分类: | ||
| 主题词: | 教育--各级 | |
| 电子资源: | ||
| ISBN: | 7-5332-4222-X | |
| 000 | 00740nam0 2200229 450 | |
| 001 | 1556498004 | |
| 005 | 20150126154218.57 | |
| 010 | @a7-5332-4222-X@dCNY12.00 | |
| 100 | @a20070818d km y0chiy0120 ea | |
| 101 | 0 | @achi |
| 200 | 1 | @a家和学校@Ajia he xue xiao@f(西班牙)霍尔迪.马尔蒂内斯@F(xi ban ya)huo er di.ma er di nei si@g刘晓眉译@Gliu xiao mei yi |
| 210 | @a济南@c明天@d2003 | |
| 215 | @a48页@c插图@d29cm | |
| 225 | 2 | @a最新引进版幼儿园手工活动教学书 |
| 410 | 0 | @12001 @a最新引进版幼儿园手工活动教学书 |
| 606 | 0 | @a教育@x各级 |
| 690 | @aG616@v3 | |
| 690 | @aG613@v4 | |
| 701 | 0 | @a霍尔迪·马尔蒂内斯@Ahuo er di·ma er di nei si |
| 702 | 0 | @a刘晓眉@Aliu xiao mei@4译 |
| 801 | 0 | @aCN@bTSSF@c20150126 |
| 905 | @aZUCC@dG613@eJY37 | |
| 家和学校/(西班牙)霍尔迪.马尔蒂内斯/刘晓眉译.-济南:明天,2003 |
| 48页:插图;29cm.-(最新引进版幼儿园手工活动教学书) |
| ISBN 7-5332-4222-X:CNY12.00 |
| ● |
| 相关链接 |
|
|
|
|
正题名:家和学校
索取号:G613/JY37
 
预约/预借
| 序号 | 登录号 | 条形码 | 馆藏地/架位号 | 状态 | 备注 |
| 1 | 7861231 | 278612315 | 学院路分馆/ [索取号:G613/JY37] | 在馆 | |
| 2 | 7861232 | 278612324 | 学院路分馆/ [索取号:G613/JY37] | 在馆 |